00727nam a2200253 a 4500001001300000003000900013005001700022008004100039020000900080082001700089100002100106245004600127260003200173300000900205500003500214505001800249650002600267650003200293700002100325902000800346942000700354952009700361999001500458nice12345678IN_TiNIC20260116012524.0080522s1969 meea grp 000 0 eng  ac5000a323.154bKAR aKarunakaran, K P aReligion and Political Awakening in India aMeerutbMeenakshi Pubc1969 a236p aincludes index and biblioraphy2 aBiblio, Index aReligion and Politics aIndia-Religion and Politics1 aKarunakaran, K P bSRS cBK 00104070aHMIbHMId2008-05-22g50.00l0o323.154 KARp010118r2008-05-22w2026-01-16yEB c7343d7343